<?xml version="1.0" encoding="UTF-8"?>
<record
    xmlns:xsi="http://www.w3.org/2001/XMLSchema-instance"
    xsi:schemaLocation="http://www.loc.gov/MARC21/slim http://www.loc.gov/standards/marcxml/schema/MARC21slim.xsd"
    xmlns="http://www.loc.gov/MARC21/slim">

  <leader>01396nab a2200229 i 4500</leader>
  <controlfield tag="001">190388</controlfield>
  <controlfield tag="003">ES-MaACL</controlfield>
  <controlfield tag="005">20240216063047.0</controlfield>
  <controlfield tag="008">210120s2016    sp a          001 0dspa d</controlfield>
  <datafield tag="040" ind1=" " ind2=" ">
    <subfield code="c">ES-MaACL</subfield>
  </datafield>
  <datafield tag="245" ind1="0" ind2="0">
    <subfield code="a">Jos&#xE9; Echegaray y Eizaguirre (1832-1916).</subfield>
  </datafield>
  <datafield tag="505" ind1=" " ind2=" ">
    <subfield code="a">Jos&#xE9; Echegaray, atene&#xED;sta, pionero del regeneracionismo e ingeniero ferroviario ; Ingenieros de caminos socios o colaboradores del Ateneo de Madrid (1835-1914) / Fernando S&#xE1;enz Ridruejo, p. 44-55 . Viaje musical por la vida del polifac&#xE9;tico ingeniero Jos&#xE9; Echegaray y Eizaguirre [pieza dram&#xE1;tica breve sobre Echegaray, su estreno tuvo lugar en el Ateneo de Madrid el 14 de septiembre de 2016, dentro de los actos de celebraci&#xF3;n del Centenario de Echegaray] / Fernando M&#xED;nguez Izaguirre, p. 88-93</subfield>
  </datafield>
  <datafield tag="600" ind1="1" ind2="4">
    <subfield code="a">Echegaray, Jos&#xE9;,</subfield>
    <subfield code="d">1832-1916</subfield>
    <subfield code="9">46526</subfield>
  </datafield>
  <datafield tag="610" ind1="2" ind2="7">
    <subfield code="a">Ateneo de Madrid-</subfield>
    <subfield code="x">Actos culturales-</subfield>
    <subfield code="y">2016</subfield>
    <subfield code="9">170942</subfield>
  </datafield>
  <datafield tag="700" ind1="1" ind2=" ">
    <subfield code="a">S&#xE1;enz Ridruejo, Fernando.</subfield>
    <subfield code="9">227014</subfield>
    <subfield code="e">aut</subfield>
  </datafield>
  <datafield tag="700" ind1="1" ind2=" ">
    <subfield code="a">M&#xED;nguez Izaguirre, Fernando.</subfield>
    <subfield code="9">227015</subfield>
    <subfield code="e">aut</subfield>
  </datafield>
  <datafield tag="710" ind1="2" ind2=" ">
    <subfield code="a">Colegio de Ingenieros de Caminos, Canales y Puertos</subfield>
    <subfield code="9">139226</subfield>
  </datafield>
  <datafield tag="773" ind1="0" ind2=" ">
    <subfield code="w">(SpMaBN)193434</subfield>
    <subfield code="0">193434</subfield>
    <subfield code="t">Revista de obras p&#xFA;blicas, </subfield>
    <subfield code="d">Madrid : Colegio de Ingenieros de Caminos, Canales y Puertos, 2016, </subfield>
    <subfield code="x">ISSN 0034-8619,</subfield>
    <subfield code="g">nov., 2016, n. 3581, p. 6-98</subfield>
    <subfield code="9">2012</subfield>
  </datafield>
  <datafield tag="942" ind1=" " ind2=" ">
    <subfield code="c">ANAB</subfield>
    <subfield code="2">udc</subfield>
    <subfield code="n">0</subfield>
  </datafield>
  <datafield tag="999" ind1=" " ind2=" ">
    <subfield code="c">190388</subfield>
    <subfield code="d">190388</subfield>
  </datafield>
</record>
